00749 2200229 4500001002100000005001700021008004100038035002400079082001100103090002200114100001800136245015900154260002800313300002900341500006300370500002900433650001800462850000900480985000600489986000900495999001500504YOGYA-0209000007215120090227093613.0 ind  0010-020900000072151 a333.91 a333.91bBow AlSK aBOWO, Kintoko aAnalisis faktor faktor yang mempengaruhi pengeluaran konsumsi air bersih,PDAM"oleh rumah Tangga di desa Sidoluhur,Kec.Godean,Kab.Sleman 1994cKintoko Bowo aYogyakartab[s.n]c1995 axii,90lembarbilusc28cm aSkripsi Fak.Ekonomi universitas Wangsa Manggala Yogyakarta aBibliografi;lembar 68-69 aAir, Konsumsi aBPAD a1 aheru a08A0036358